| 000 | 00608nam a22001937a 4500 | ||
|---|---|---|---|
| 003 | OSt | ||
| 005 | 20260115024517.0 | ||
| 008 | 260115b |||||||| |||| 00| 0 eng d | ||
| 020 | _a0-471-39790-3 | ||
| 040 |
_aDWCL-Admin lib _cOC |
||
| 082 | _aRes. 657 D373w 2001 | ||
| 100 | _aDelaney, Patrick R. | ||
| 245 |
_aWiley cpa examination review 2001 : _bfinancial accounting and reporting business enterprises / _cPatrick R. Delaney |
||
| 260 | _bJohn Wiley and Sons, inc. | ||
| 300 |
_a 800 p. ; _c28 cm. |
||
| 504 | _aIncludes index | ||
| 700 | _aHopkins, Debra R. | ||
| 942 |
_2ddc _cBK-0 CIRC _hRes. _n0 |
||
| 999 |
_c7402 _d7402 |
||